[Event "GCT Superbet Romania 2021"]
[Site "Bucharest"]
[Date "2021.06.13"]
[Round "8.2"]
[White "Grischuk, Alexander"]
[Black "Caruana, Fabiano"]
[Result "1/2-1/2"]
[WhiteElo "2776"]
[BlackElo "2820"]
[Annotator "TA"]
[PlyCount "132"]
[EventDate "2021.06.05"]
[EventType "tourn"]
[EventCountry "ROU"]
[SourceTitle "playchess.com"]
[Source "ChessBase"]
[SourceQuality "1"]

{[%evp 16,132,34,18,67,16,27,21,16,26,19,0,0,0,0,-12,-8,-33,-11,-22,-27,-29,
-39,-90,-84,-97,-94,-88,-90,-81,0,0,0,0,0,0,0,0,-7,-2,-14,-41,-10,-16,-18,-22,
-20,-47,22,-86,0,-110,-98,-106,0,-4,0,0,0,0,0,0,10,6,10,0,55,61,68,69,99,98,95,
95,93,88,104,88,88,88,88,93,102,106,110,110,110,108,107,109,107,80,82,99,92,79,
89,0,1,2,6,0,0,0,0,0,0,0,0,0,0,0,0,0,0,0,0,0,0]} 1. e4 e5 2. Nf3 Nc6 3. Bb5 a6
4. Ba4 Nf6 5. O-O Bc5 6. c3 b5 7. Bb3 d6 8. d4 Bb6 9. a4 {Threatening axb5.}
Bg4 {C78: Ruy Lopez: Archangelsk and Möller Defences.} 10. axb5 (10. h3 $14
Bxf3 11. Qxf3) 10... axb5 $11 11. Rxa8 Qxa8 12. h3 Bh5 13. Re1 {[#]} h6 $146 ({
Predecessor:} 13... O-O 14. Bg5 Na5 15. Bc2 Nd7 16. g4 Bg6 17. Nh4 exd4 18.
cxd4 Qa7 19. Nf3 Nc6 {0-1 (39) Bulmaga,I (2440)-Heimann,A (2633) Paleochora
2020}) 14. g4 Bg6 15. Be3 exd4 ({But not} 15... Nxe4 16. dxe5 Bxe3 17. Rxe3 $16
) 16. cxd4 {Strongly threatening e5.} O-O ({Much worse is} 16... Nxe4 $6 17.
Nh4 $16) 17. d5 Bxe3 18. Rxe3 Na5 19. Bc2 (19. Nbd2 $15) 19... Nc4 $17 {
[%mdl 64] Double Attack} 20. Re1 Nxb2 21. Qd4 Nc4 22. Bd3 Qa4 (22... Qa5 $17
23. Bxc4 bxc4) 23. Bxc4 $11 bxc4 24. Nc3 Qc2 25. Qd2 Qb3 {aiming for ...Nxe4!}
26. Nd4 Qa3 27. Ndb5 Qa5 {...Nxe4! is the strong threat.} 28. Nd4 Re8 {[%cal
Rg6e4]} 29. f3 Nd7 30. Kg2 Ne5 31. Rb1 Ra8 (31... h5 $15) 32. Kg3 (32. Nc2 $11
{remains equal.}) 32... Nd3 (32... f6 $1 $17) 33. Nde2 (33. Nc2 $11 {keeps the
balance.}) 33... Qc5 $17 {[%csl Gd3][%cal Rc5f2]} 34. Nf4 {[#]} Ne5 (34... Nxf4
$1 $17 35. Kxf4 Ra3) 35. Qf2 Qa5 36. Qd4 Kh7 37. Nfe2 {next f4 is good for
White.} f6 38. f4 c5 39. dxc6 $1 Nxc6 40. Qxd6 Rc8 ({Better is} 40... Rd8 $11
41. Qxc6 Rd3+ 42. Kf2 Rxc3) 41. Rb7 $1 $14 Qd8 42. Rd7 Qf8 {[#]} 43. Qxf8 $1
Rxf8 44. Rc7 Be8 45. Rc8 Kg8 46. Nd5 Bd7 47. Rc7 Rd8 48. Kf2 Be8 49. Ng3 Nd4
50. Rxc4 Nb5 51. Nf5 Kf8 52. h4 Bd7 53. Nfe3 Nd6 54. Rd4 Bc6 55. Rb4 h5 56. Nc3
(56. gxh5 $16 {And now h6 would win.} Bxd5 57. exd5) 56... hxg4 {The position
is equal.} 57. Nxg4 Bxe4 {[%mdl 64] Remove Defender, Decoy} 58. Nxe4 Nxe4+ 59.
Rxe4 $11 {[%mdl 4096] Endgame Black must now prevent Rb4. KRN-KR} f5 60. Re5
fxg4 {KR-KR} 61. Kg3 Kf7 62. Kxg4 Rd1 63. Rf5+ Kg8 64. Re5 Kf7 65. Rf5+ Kg8 66.
Re5 Kf7 {Weighted Error Value: White=0.16/Black=0.13} 1/2-1/2

[Event "GCT Superbet Romania 2021"]
[Site "Bucharest"]
[Date "2021.06.13"]
[Round "8.3"]
[White "So, Wesley"]
[Black "Vachier-Lagrave, Maxime"]
[Result "1/2-1/2"]
[WhiteElo "2770"]
[BlackElo "2760"]
[Annotator "TA"]
[PlyCount "79"]
[EventDate "2021.06.05"]
[EventType "tourn"]
[EventCountry "ROU"]
[SourceTitle "playchess.com"]
[Source "ChessBase"]
[SourceQuality "1"]

{[%evp 12,79,0,-8,0,0,25,0,0,0,0,0,0,0,0,0,0,-2,0,0,0,0,0,0,0,0,0,0,0,0,0,0,0,
0,0,0,0,0,0,0,6,0,0,0,0,0,0,-10,0,0,0,0,0,0,0,0,0,0,0,0,0,0,0,0,0,0,0,0,0,0]} 
1. Nf3 Nf6 2. c4 c5 3. Nc3 d5 4. cxd5 Nxd5 5. e4 Nb4 6. Bc4 Nd3+ 7. Ke2 Nf4+ {
A34: Symmetrical English: 2 Nc3, lines with ...d5.} 8. Kf1 Ne6 9. h4 Nd4 {
The position is equal.} 10. Nb5 {[#]} Ndc6 $146 ({Predecessor:} 10... Be6 11.
d3 Nbc6 12. Nbxd4 Bxc4 13. dxc4 cxd4 14. Bf4 e6 15. Rh3 Bc5 16. a3 a5 {0-1 (35)
Dominguez Perez,L (2739)-Vachier Lagrave,M (2779) Saint Louis 2018}) 11. d4 {
[#] Black must now prevent Ng5.} a6 12. d5 axb5 13. Bxb5 {[%mdl 64] Pin} e6 {
aiming for ...exd5.} 14. Qe2 {[#]} Be7 $1 15. dxc6 Nxc6 16. Rh3 O-O 17. Rg3
Bxh4 18. Nxh4 Qxh4 {[%cal Rh4h1]} 19. Rh3 Qf6 {Strongly threatening ...e5.} 20.
Qh5 {[%csl Gh3][%cal Rh5h7]} h6 21. Rg3 {Threatens to win with Bxc6.} ({Reject
} 21. Qxc5 e5 $17) 21... Kh7 22. Bxc6 bxc6 23. Kg1 Ra4 24. e5 Qh4 25. Qxh4 Rxh4
26. Rc3 Re4 27. Rxc5 Re1+ 28. Kh2 Rd8 29. Bg5 Rxa1 30. Bxd8 Rxa2 31. Rxc6 $11 {
[%mdl 4096] Endgame KRB-KRB} Bb7 32. Rc7 Bd5 33. Rxf7 Rxb2 34. Bf6 Rb7 35. Rxb7
Bxb7 36. Bd8 Bd5 37. Bc7 Bb7 38. Bd8 Bd5 39. Bc7 Bb7 40. Bd8 {Not much
happened in this game.  Weighted Error Value: White=0.01/Black=0.02} 1/2-1/2

[Event "GCT Superbet Romania 2021"]
[Site "Bucharest"]
[Date "2021.06.13"]
[Round "8.4"]
[White "Deac, Bogdan-Daniel"]
[Black "Aronian, Levon"]
[Result "0-1"]
[WhiteElo "2627"]
[BlackElo "2781"]
[Annotator "TA"]
[PlyCount "124"]
[EventDate "2021.06.05"]
[EventType "tourn"]
[EventCountry "ROU"]
[SourceTitle "playchess.com"]
[Source "ChessBase"]
[SourceQuality "1"]

{[%evp 9,124,3,16,8,19,0,32,33,38,10,23,20,33,27,44,22,29,27,33,21,41,29,16,24,
24,31,30,10,86,12,35,5,41,6,6,0,25,25,29,0,0,19,8,-19,-12,-45,-10,-9,0,0,0,-31,
-29,-25,-31,-25,-32,-32,-32,-33,-39,-33,-29,-30,-54,-75,-75,-75,-75,-75,-75,
-124,-115,-115,-115,-122,-122,-130,-128,-126,-126,-130,-119,-126,-118,-118,
-116,-275,-275,-275,-275,-275,-275,-275,-275,-275,-275,-275,-275,-245,-230,
-205,-205,-179,-179,-163,-108,-108,-8,-29938,-29945,-29968,-29968,-29968,
-29966,-29961,-5114]} 1. e4 c5 2. Nf3 d6 3. Bb5+ Nd7 4. d4 cxd4 5. Qxd4 a6 6.
Be2 {B51: Sicilian: Moscow Variation (3 Bb5+) without 3...Bd7.} Ngf6 7. O-O e6
(7... e5 $5 {[%cal Re5d4]} 8. Qe3 Be7 $11) 8. Rd1 {White is slightly better.}
Be7 9. Nc3 Qc7 10. a4 {[#]} O-O $146 ({Predecessor:} 10... b6 11. h3 O-O 12.
Be3 Bb7 13. Nd2 Rac8 14. Nc4 d5 15. exd5 exd5 16. Bf4 Qc6 {1/2-1/2 (43)
Hinrichs,L (2242)-Barrett,S (2214) Skopje 2015}) 11. a5 Rd8 12. Be3 Ng4 13. Bg5
$36 {[%mdl 2048] White has some pressure.} Ngf6 14. Qc4 Qxc4 15. Bxc4 b5 16.
axb6 $1 Nxb6 17. Be2 Bb7 18. Nd2 Rd7 (18... Rdc8 $11 {remains equal.}) 19. Bd3
(19. Be3 $16 Bd8 20. f3) 19... Rc7 $11 20. f3 d5 21. Be3 dxe4 22. Ndxe4 Nfd5
23. Bd4 f6 24. b3 Kf7 25. Nxd5 Nxd5 26. Bc4 a5 27. c3 g5 (27... a4 $5) 28. Ra4
f5 29. Ng3 Bc5 {Hoping for ...Nxc3.} 30. Bxc5 (30. Re1 {is interesting.} h6 31.
Re5 Bxd4+ 32. cxd4 Rd7 33. Kf2) 30... Rxc5 31. Bxd5 Bxd5 32. c4 Bc6 33. Ra3 a4
34. Rda1 Rg8 35. bxa4 g4 {White must now prevent ...gxf3.} 36. f4 Rxc4 37. Ne2
Rb8 38. R3a2 Bd5 39. a5 Rcb4 40. Rd2 Rb2 41. Rad1 Rxd2 42. Rxd2 $17 {[%mdl
4096] Endgame KRB-KRN} Ra8 43. Nc3 Rxa5 44. Kf2 Bc6 45. Nd1 Ra4 46. g3 Ra1 47.
Nb2 Rh1 48. Nd3 $2 (48. Ke3 $17 {is the only way for White.}) 48... Rxh2+ $19
49. Ke3 Rxd2 50. Kxd2 {Strongly threatening Ne5+. KB-KN} Ke7 51. Ne5 Kd6 52.
Ke3 Kd5 53. Kd3 Be8 54. Ke3 h5 55. Nd3 Kc4 56. Ne5+ Kc3 57. Nd3 h4 (57... Kc2
$1 $19 {...h4! is the strong threat.} 58. Nc5 Bf7) 58. gxh4 $17 {[#]} g3 (58...
Kc4 $1 $17) 59. Ne5 $2 {[%mdl 8192]} (59. Nc1 $11) 59... Bh5 {Black mates.} 60.
Nd7 {[#]} e5 $1 {[%cal Re5f4]} 61. Nxe5 Kc2 62. Nd3 Kd1 {Weighted Error Value:
White=0.21/Black=0.11} 0-1

[Event "GCT Superbet Romania 2021"]
[Site "Bucharest"]
[Date "2021.06.13"]
[Round "8.5"]
[White "Radjabov, Teimour"]
[Black "Lupulescu, Constantin"]
[Result "1/2-1/2"]
[WhiteElo "2765"]
[BlackElo "2656"]
[Annotator "TA"]
[PlyCount "82"]
[EventDate "2021.06.05"]
[EventType "tourn"]
[EventCountry "ROU"]
[SourceTitle "playchess.com"]
[Source "ChessBase"]
[SourceQuality "1"]

{[%evp 22,82,65,41,75,51,51,35,36,40,72,72,84,63,64,65,60,87,89,61,90,0,72,0,
93,0,77,51,61,12,35,0,43,0,0,0,0,0,0,0,0,0,0,0,0,0,0,0,0,0,0,0,0,0,0,0,0,0,0,0,
0,0,0]} 1. e4 {Gofshtein,L} c5 2. Nf3 d6 3. d4 cxd4 4. Nxd4 Nf6 5. Nc3 Nc6 6.
Bg5 Bd7 7. Qd2 a6 8. O-O-O e6 9. f4 b5 10. Bxf6 gxf6 11. Kb1 Qb6 12. Nce2 b4 {
B67: Sicilian: Richter-Rauzer: 7...a6 8 0-0-0 Bd7, lines without 9 f4 Be7.} 13.
f5 Nxd4 14. Nxd4 {Threatens to win with fxe6.} e5 {[%cal Re5d4] White is
slightly better.} 15. Nf3 h5 16. Bc4 {[#] Black must now prevent Qd5.} Rc8 {[#]
} 17. Qd5 $146 ({Predecessor:} 17. Qe2 a5 18. Rd5 Rc5 19. Nd2 a4 20. Nf1 Bc6
21. Ne3 Be7 22. Rhd1 a3 23. b3 Bxd5 24. Nxd5 Rxd5 25. Rxd5 {1-0 (49) Efimenko,
Z (2546)-Andreev,E (2490) Kramatorsk 2003 CBM 097 [Gofshtein,L]}) 17... Rh7 18.
Nd2 Bc6 19. Qd3 a5 20. Bd5 Bb5 21. Bc4 (21. Nc4 {feels hotter.} Qc5 22. b3 a4
23. Qe2 Ke7 24. Qf3) 21... Bc6 22. Bd5 Bb5 $1 {[%cal Rb5d3] [#]} 23. Bc4 (23.
Nc4 $1 $16 {[%cal Rc4b6]} Qc5 24. b3) 23... Bd7 (23... Bc6 $1 $11) 24. Rhe1 a4
25. Nf1 Bh6 $1 26. b3 Ke7 27. Qe2 h4 {The position is equal.} 28. Rd3 axb3 29.
cxb3 Bb5 30. Bxb5 Qxb5 31. Nd2 Bxd2 32. Qxd2 Qb6 33. Rd1 {[%cal Rd3d6]} Rc6 34.
g4 hxg3 35. hxg3 Rg7 36. Qe2 Rg8 37. g4 Qc5 38. Rd5 Qc3 39. R5d3 Qc5 40. Rd5
Qc3 41. R5d3 Qc5 {Weighted Error Value: White=0.18/Black=0.08} 1/2-1/2

[Event "GCT Superbet Romania 2021"]
[Site "Bucharest"]
[Date "2021.06.14"]
[Round "9.1"]
[White "Vachier-Lagrave, Maxime"]
[Black "Mamedyarov, Shakhriyar"]
[Result "1/2-1/2"]
[WhiteElo "2760"]
[BlackElo "2770"]
[Annotator "TA"]
[PlyCount "50"]
[EventDate "2021.06.05"]
[EventType "tourn"]
[EventCountry "ROU"]
[SourceTitle "playchess.com"]
[Source "ChessBase"]
[SourceQuality "1"]

{[%evp 23,50,0,0,0,0,0,0,0,0,12,41,50,51,46,49,49,54,46,104,104,104,78,76,0,
104,0,80,0,103]} 1. e4 e5 2. Nf3 Nc6 3. Nc3 Nf6 4. d4 exd4 5. Nxd4 Bb4 6. Nxc6
bxc6 7. Bd3 d5 8. exd5 cxd5 9. O-O O-O 10. Bg5 c6 11. Qf3 Bd6 {11...h6 is the
modern continuation.} 12. Bxf6 Qxf6 13. Qxf6 {C47: Scotch Four Knights and
Four Knights with 4 g3.} gxf6 14. Ne2 c5 {[#] White must now prevent ...c4.}
15. Rad1 {[#]} (15. b3 {seems wilder.} Be6 16. Ng3 c4 17. Bf5 Rad8 18. Rae1)
15... Bg4 $146 {aiming for ...c4.} ({Predecessor:} 15... Be6 16. b3 Rfd8 17.
Ng3 a5 18. Nf5 Bf8 19. Ne3 a4 20. g3 Bd6 21. Kg2 Be5 {1/2-1/2 (34) Kurgansky,V
(2366)-Volodarsky,Y (2337) ICCF email 2015}) 16. h3 Bxe2 (16... Be6 {looks
sharper.} 17. b3 Rfd8 18. g4 h5 19. Bf5 d4) 17. Bxe2 d4 18. Bc4 Rab8 19. b3 Bc7
20. Rd3 Ba5 (20... Kg7 $14) 21. Rf3 $16 Kg7 22. Rg3+ Kh8 23. Rf3 Kg7 24. Rg3+
Kh8 $1 25. Rf3 Kg7 {Weighted Error Value: White=0.25/Black=0.06} 1/2-1/2

[Event "GCT Superbet Romania 2021"]
[Site "Bucharest"]
[Date "2021.06.14"]
[Round "9.2"]
[White "Giri, Anish"]
[Black "Grischuk, Alexander"]
[Result "1/2-1/2"]
[WhiteElo "2780"]
[BlackElo "2776"]
[Annotator "TA"]
[PlyCount "83"]
[EventDate "2021.06.05"]
[EventType "tourn"]
[EventCountry "ROU"]
[SourceTitle "playchess.com"]
[Source "ChessBase"]
[SourceQuality "1"]

{[%evp 13,83,21,24,23,24,22,48,43,41,33,40,16,20,18,16,0,0,0,0,6,0,7,0,1,10,10,
10,12,35,18,29,0,0,0,0,0,0,0,0,0,0,-12,0,0,0,0,0,0,0,0,0,0,0,0,0,0,0,0,0,0,0,0,
0,0,0,0,0,0,0,0,0,0]} 1. e4 e5 2. Nf3 Nc6 3. Bc4 Bc5 4. c3 Nf6 5. d3 d6 6. Bg5
(6. O-O a6 7. Bb3 Ba7 8. Re1 O-O 9. h3 h6 10. Nbd2 Re8 11. Nf1 Be6 12. Bc2 d5
13. Qe2 d4 14. Bd2 b5 15. Ng3 a5 16. Bb3 a4 17. Bxe6 Rxe6 18. Red1 a3 19. bxa3
Bb6 {1/2-1/2 (51) Giri,A (2764)-Grischuk,A (2777) chess24.com INT 2020}) 6...
h6 7. Bh4 a6 8. Nbd2 {C54: Giuoco Piano: 4 c3 Nf6, main lines with 5 d4 and 5
d3.} Ba7 9. O-O Qe7 10. b4 {White is slightly better.} Be6 11. a4 O-O 12. b5
Nb8 {[#]} 13. d4 $146 ({Predecessor:} 13. Re1 Nbd7 14. d4 axb5 15. axb5 Bg4 16.
h3 Bh5 17. Qc2 Bb6 18. Bd3 Rfe8 19. g4 {1-0 (65) Zierk,S (2499)-Gorin,L (2443)
Chess.com INT 2020}) 13... axb5 14. Bxe6 Qxe6 15. Bxf6 Qxf6 16. axb5 {[#]
Black must now prevent Ra4.} Nd7 {[%cal Re5d4]} 17. Nc4 Qe6 18. Qd3 exd4 19.
cxd4 Bb6 20. h3 Rae8 21. Rfe1 d5 22. exd5 Qxd5 {The position is equal.} 23. Ne3
Qe4 24. Qc4 {Threatens to win with Nd5.} Nf6 25. Ng4 Qf5 26. Nxf6+ Qxf6 27. Qd5
Rb8 28. Re5 Rbd8 (28... Rfd8 $5 29. Qe4 $8 Qg6 $11) 29. Qe4 Qg6 30. Qxb7 Rxd4
31. Nxd4 Bxd4 32. Ree1 {[#] aiming for Ra8.} Bxa1 33. Rxa1 $11 {[%mdl 4096]
Endgame KQR-KQR} Qd6 34. Rc1 Re8 35. Qc6 (35. g3 {keeps more tension.} Re7 36.
Qa8+ Kh7 37. Qc6 Qd4 38. Qc4) 35... Qxc6 36. Rxc6 {KR-KR} Re5 37. Rxc7 {
b6 is the strong threat.} Rxb5 38. Rc8+ Kh7 39. Rc7 Kg8 40. Rc8+ Kh7 41. Rc7
Kg8 42. Rc8+ {Weighted Error Value: White=0.03/Black=0.03} 1/2-1/2

[Event "GCT Superbet Romania 2021"]
[Site "Bucharest"]
[Date "2021.06.14"]
[Round "9.4"]
[White "Lupulescu, Constantin"]
[Black "So, Wesley"]
[Result "1/2-1/2"]
[WhiteElo "2656"]
[BlackElo "2770"]
[Annotator "TA"]
[PlyCount "71"]
[EventDate "2021.06.05"]
[EventType "tourn"]
[EventCountry "ROU"]
[SourceTitle "playchess.com"]
[Source "ChessBase"]
[SourceQuality "1"]

{[%evp 15,71,8,6,18,18,23,12,18,10,26,14,19,10,23,13,25,26,25,12,0,0,0,0,0,0,0,
0,0,0,-31,-32,-27,-29,-31,0,0,0,0,0,0,0,0,0,0,0,0,0,0,0,0,0,0,0,0,0,0,0,0]} 1.
d4 Nf6 2. c4 e6 3. Nc3 Bb4 4. Qc2 O-O 5. a3 Bxc3+ 6. Qxc3 d5 7. Nf3 dxc4 8.
Qxc4 b6 9. Bg5 {E36: Nimzo-Indian: Classical: 4...d5 5 a3.} Ba6 10. Qa4 h6 {
10...h6 is the recent fashion.} 11. Bh4 c5 12. dxc5 bxc5 13. Rd1 Qb6 14. Bxf6
gxf6 15. e3 Bxf1 16. Kxf1 Nc6 17. g3 Qb7 {Black wants to play ...Nd4.} 18. Kg2
Ne5 19. Qf4 {[%mdl 64] [#] Double Attack} Kg7 20. e4 Nxf3 21. Qxf3 Qxb2 {[#]}
22. Rd7 $146 ({Predecessor:} 22. Qg4+ Kh8 23. Qf4 Kg7 24. Qg4+ Kh7 25. Rd7 Qb6
26. Qh5 Kg7 27. Qg4+ Kh7 28. Qh5 Kg7 {1/2-1/2 (28) Insolia,R (2074)-MacKintosh,
I (2374) ICCF email 2011}) 22... Rfd8 23. Rhd1 {Intending Qg4+ and mate.} Rxd7
24. Rxd7 $11 {[%mdl 4096] Endgame Threatening mate with Qg4+. KQR-KQR} Qe5 (
24... Qb5 $5 {[%cal Rb5d7]} 25. Rd2 Qc6 $15) 25. Qg4+ {The position is equal.}
Kf8 26. Qe2 $1 Rb8 27. Rxa7 f5 28. Qh5 {[%csl Ga7][%cal Rh5f7][%mdl 64] [#]
Double Attack} Qxe4+ 29. f3 {[%csl Ga7][%cal Rh5f7]} Rb2+ $1 30. Kh3 {[%csl
Ga7][%cal Rh5f7]} Rxh2+ $1 31. Kxh2 {[%csl Ga7][%cal Rh5f7]} Qe2+ 32. Kg1 {
[%csl Ga7][%cal Rh5f7]} Qe1+ 33. Kg2 {[%csl Ga7][%cal Rh5f7]} Qe2+ 34. Kg1 {
[%csl Ga7][%cal Rh5f7]} Qe1+ 35. Kg2 {[%csl Ga7][%cal Rh5f7]} Qe2+ 36. Kg1 {
[%csl Ga7][%cal Rh5f7] A rather calm draw.  Weighted Error Value: White=0.02/
Black=0.01} 1/2-1/2

[Event "GCT Superbet Romania 2021"]
[Site "Bucharest"]
[Date "2021.06.14"]
[Round "9.5"]
[White "Caruana, Fabiano"]
[Black "Deac, Bogdan-Daniel"]
[Result "1/2-1/2"]
[WhiteElo "2820"]
[BlackElo "2627"]
[Annotator "TA"]
[PlyCount "147"]
[EventDate "2021.06.05"]
[EventType "tourn"]
[EventCountry "ROU"]
[SourceTitle "playchess.com"]
[Source "ChessBase"]
[SourceQuality "1"]

{[%evp 9,147,5,14,10,15,6,0,0,4,0,0,-13,0,-20,-19,-30,-29,-46,-14,-8,0,-15,0,
-10,-16,-8,-2,-42,-46,-33,0,0,0,0,0,0,0,0,8,0,36,21,28,35,30,7,14,0,25,17,16,
16,61,41,27,22,84,7,72,57,76,0,0,0,0,0,0,-120,0,0,15,16,96,104,133,143,132,118,
101,0,0,0,0,0,1,11,114,96,114,33,45,0,18,0,0,0,0,0,0,0,0,0,0,0,0,0,0,0,0,0,0,0,
0,0,0,0,0,0,0,0,0,0,0,0,0,0,0,0,0,0,-28000,-28000,-28000,-28000,-28000,-28000,
-28000,-28000,-28000,-28000]} 1. Nf3 d5 2. g3 Nf6 3. Bg2 e6 4. O-O Be7 5. d3
Nc6 6. Nbd2 {A07: Réti Opening: New York and Capablanca Systems.} e5 7. e4 d4
8. Nc4 {The position is equal.} Nd7 9. a4 O-O {[#]} 10. b3 $146 ({Predecessor:
} 10. Ne1 Nb6 11. Nxb6 axb6 12. f4 f5 13. exf5 exf4 14. g4 Bd6 15. Be4 Qg5 16.
h3 {1/2-1/2 (28) Mass,E (1926)-Dreiling,A (1774) Germany 2013}) 10... Re8 11.
h4 Bb4 12. Bg5 f6 13. Bd2 Rb8 14. h5 a6 15. a5 Nf8 16. Nh4 b5 17. axb6 cxb6 18.
Bxb4 (18. Qe1 $5 {[%cal Rd2b4]} Qe7 19. h6 $11) 18... Nxb4 19. Qd2 Nc6 20. Nf5
g6 21. Nh4 b5 22. Na5 Nxa5 23. Rxa5 Rb6 24. Raa1 Qe7 25. hxg6 hxg6 26. f4 Qh7
27. fxe5 fxe5 28. Rf2 Qg7 29. c3 dxc3 $1 30. Qxc3 Ne6 31. Nf3 Rd6 32. Rc1 ({
But not} 32. Nxe5 $2 Nd4 $19) 32... Bd7 (32... Qe7 $1 $11) 33. Nxe5 (33. Qxe5
$16 Rxd3 34. Bf1) 33... Nd4 (33... Rc8 $11 34. Qxc8+ Bxc8 35. Rxc8+ Nd8) 34.
Nxd7 $16 Qxd7 35. b4 (35. Rcf1 $16) 35... Qg4 $1 $11 36. Re1 Rd7 37. Re3 Qg5
38. Qc1 (38. Rf4 $11 {keeps the balance.}) 38... Kg7 (38... Rf7 $1 $17 {
[%cal Rf7f2] Hoping for ...Rxf2.} 39. Rf4 Rxf4 40. gxf4 Qxf4) 39. Bh3 Rde7 40.
Kg2 Rh8 {[#]} (40... Qe5 $11) 41. Re1 $1 $16 ({Not} 41. Qc5 Qxc5 42. bxc5 a5
$15) 41... Qh5 42. Rh1 Qe5 43. Qb2 Nc6 {[#]} 44. Rc1 ({White must play} 44. Qd2
$1 $16) 44... Qxb2 $1 $11 45. Rxb2 Ne5 46. Rd1 Rd8 47. d4 Nc6 (47... Rc7 $11 {
remains equal.}) 48. d5 $16 Rd6 49. Rf1 (49. Kf2 $16) 49... Ne5 $14 50. Be6 {
And now Rc2 would win.} Rc7 51. Ra1 Rc4 52. Rba2 Rxe4 53. Rxa6 Rxa6 54. Rxa6
Rxb4 $11 {[%mdl 4096] Endgame KRB-KRN} 55. Kf2 Ra4 56. Rb6 Ra2+ 57. Kf1 Nc4 58.
Rxb5 Kf6 59. Ke1 Nd6 60. Rb3 Ke5 61. Kd1 Rg2 62. g4 Ne4 63. Ke1 Rh2 64. Ra3 Rb2
65. Bf7 g5 66. Be6 Nf6 67. Ra5 Rb4 68. Ke2 $2 {[%mdl 8192]} (68. Kf2 $11) 68...
Nxg4 69. Bxg4 Rxg4 {KR-KR} 70. Kf3 {Mate.} Rd4 71. Kg3 Rxd5 72. Rxd5+ Kxd5 73.
Kg4 Ke4 74. Kxg5 {[%mdl 32768] Weighted Error Value: White=0.17/Black=0.15. An
unexpected result.} 1/2-1/2